Krakus
| Titel: | Krakus |
|---|---|
| Veröffentlicht: | [Kraków] : Wydawnictwo Orzeł Biały, [1983?] |
| Erscheinungsverlauf: | Nr 16 (16.2.1983) [?] |
| Format: | Zeitschrift, Zeitung |
| Sprache: | Polnisch |
X
alg: 45286528 001A $06050:06-09-19 001B $06050:06-09-19 $t10:43:17.000 001D $06050:06-09-19 001U $0utf8 001X $00 002@ $0Ebvc 002C $aText $btxt $2rdacontent 002D $aMikroform $bh $2rdamedia 002E $aMikrofiche $bhe $2rdacarrier 003@ $045286528X 003O $01117476352 $aOCoLC 006Z $02983510-0 007A $02983510-0 $aZDB 010@ $apol 010E $erda 011@ $a1983 $n[1983?] 013D $RPresse $RFortlaufendes Sammelwerk $#Periodicals $#Yearbooks $#Périodiques $#Annuaires $#Publicaciones periódicas $#journals $#Periodical $#Periodicals as Topic $#Zeitschrift $#Zeitschrift $#Periodikum $#Zeitschriften $74067488-5 $8Zeitschrift [Tsz] $9085189774 016E $aeamu000uuuu 018@ $0z 021A $aKrakus 031@ $aNr 16 (16.2.1983) [?] 031N $j1983 033A $p[Kraków] $nWydawnictwo Orzeł Biały 044K $qZDB $RInteressenverband $RArbeiterbewegung $RSyndikalismus $RArbeitnehmerverband $#Labor unions $#Syndicats $#Sindacati $#Funcionarios Sindicatos $#trade unions $#Gewerkschaft $#Gewerkschaft $#Gewerkschaften $74020872-2 $8Gewerkschaft [Ts1] $9085050695 044K $qZDB $RPresse $RUntergrundpublizistik $#Underground literature $#Underground newspapers $#Underground press publications $#Presse clandestine $#Presse alternative $#Prensa clandestina $#Illegale Presse $#Untergrundzeitung $74186985-0 $8Untergrundpresse [Ts1] $9085915378 044K $qZDB $#Krakau $#Kraków $#Cracovie $#Cracovia $#Cracow $#Krakoi $#Krakov $#Cracov $74073760-3 $8Krakau [Tg1] $9085207705 045U $e320 $e330 lok: 45286528 24 exp: 45286528 24 1 #EPN 201B/01 $006-09-19 $t10:44:21.000 201C/01 $006-09-19 201U/01 $0utf8 203@/01 $01059179857 208@/01 $a06-09-19 $bp 209A/01 $aFKM 45 $f050 $hFKM 45 $x00 209A/01 $a37 XIII Ga Z 8 $h37 13 Ga Z 8 $x10 209E/01 $a1983,16 $x02 209G/01 $aMikrofiche $x01 220C/01 $aTN//03.09.19//Ho-Sz 231@/01 $j1983 247C/01 $8358050-7Marburg, Bibliothek des Herder-Instituts Marburg $9102600961
| LEADER | 00000cas a2200000 c 4500 | ||
|---|---|---|---|
| 001 | 45286528X | ||
| 003 | DE-603 | ||
| 005 | 20190906104317.0 | ||
| 007 | he amu000uuuu | ||
| 008 | 190906c19839999xx z| p|b 0 |1pol c | ||
| 016 | 7 | |2 DE-600 |a 2983510-0 | |
| 035 | |a (DE-599)ZDB2983510-0 | ||
| 035 | |a (OCoLC)1117476352 | ||
| 040 | |a DE-603 |b ger |c DE-603 |d DE-603 |e rda | ||
| 041 | |a pol | ||
| 084 | |a 320 |a 330 |q DE-600 |2 sdnb | ||
| 245 | 0 | 0 | |a Krakus |
| 264 | 3 | 1 | |a [Kraków] |b Wydawnictwo Orzeł Biały |c [1983?] |
| 336 | |a Text |b txt |2 rdacontent | ||
| 337 | |a Mikroform |b h |2 rdamedia | ||
| 338 | |a Mikrofiche |b he |2 rdacarrier | ||
| 362 | 0 | |a Nr 16 (16.2.1983) [?] | |
| 363 | 0 | 0 | |8 1.1\x |i 1983 |
| 650 | 7 | |a Gewerkschaft |0 (DE-588)4020872-2 |0 (DE-603)085050695 |2 gnd | |
| 650 | 7 | |a Untergrundpresse |0 (DE-588)4186985-0 |0 (DE-603)085915378 |2 gnd | |
| 651 | 7 | |a Krakau |0 (DE-588)4073760-3 |0 (DE-603)085207705 |2 gnd | |
| 655 | 7 | |a Zeitschrift |2 gnd-content |0 (DE-588)4067488-5 |0 (DE-603)085189774 | |
| 924 | 0 | |9 Mb 50 |a (DE-603)1059179857 |b DE-Mb50 |c HES |d c |g FKM 45 |h Mikrofiche |i 37 XIII Ga Z 8 |q 1983 |z 1983,16 | |


